000 00384nam a2200169Ia 4500
008 210210b1956 xxu||||| |||| 00| 0 eng d
041 _aeng
082 _a791/29
100 _aHUTTON (Len)
245 _aJust my story
260 _aLondon
_bHutchinson & Co
_c1956
650 _astory
650 _amy
650 _aJust
690 _aAthletic & Outdoor Sports
906 _a011075
999 _c139183
_d139183